Countries by coastlines - Statistics

General Stats
  • This quiz has been taken 40 times
    14 since last reset
  • The average score is 12 of 14
Answer Stats
Hint Answer % Correct
Sea of Japan, Pacific Ocean Japan
100%
Indian Ocean, Mozambique Channel Mozambique or Madagascar
100%
Sea of Japan, Yellow Sea, Pacific Ocean North Korea or South Korea
100%
Gulf of Thailand, Pacific Ocean, Indian Ocean Thailand
100%
Timor Sea, Pacific Ocean, Indian Ocean, Southern Ocean, Tasman Sea Australia
92%
Pacific Ocean, Atlantic Ocean, Arctic Ocean, Hudson Bay Canada
92%
Mediterranean Sea, Suez Canal, Indian Ocean, Red Sea Egypt
92%
Atlantic Ocean, Panama Canal, Pacific Ocean Panama
92%
North Sea, Atlantic Ocean, Arctic Ocean, Pacific Ocean, Black Sea, Caspian Sea Russia
92%
Black Sea, Mediterranean Sea Turkey
92%
Mediterranean Sea, Red Sea Israel
77%
Gulf of Thailand, Pacific Ocean Cambodia
69%
Atlantic Ocean, North Sea Denmark
62%
Solomon Sea, Bismarck Sea, Pacific Ocean Papua New Guinea
46%
No matching quizzes found
Score Distribution
Percent of People with Each Score
Percentile by Number Answered
Your Score History
You have not taken this quiz since the last reset